Bytový dom

Uložené v:
Podrobná bibliografia
Hlavný autor: Cagáňová, Melánia (Autor)
Ďalší autori: Minarovičová, Katarína (Vedúci práce)
Médium: Rukopis Kniha
Jazyk:Slovak
Vydavateľské údaje: 2024
Predmet:
On-line prístup:http://is.stuba.sk/zp/portal_zp.pl?podrobnosti=165270
https://opac.crzp.sk/?fn=detailBiblioForm&sid=F0082B7A009D1614B1C918B883AC
Tagy: Pridať tag
Žiadne tagy, Buďte prvý, kto otaguje tento záznam!

MARC

LEADER 00000ntm a22000003a 4500
001 stuzp98829
003 SK-STU
005 20240910092019.9
007 ta
008 150427s2015----xo-----f-mn---000-0-slo-d
040 |a STU  |b slo 
041 0 |a slo 
100 1 |a Cagáňová, Melánia  |u 010180  |4 aut  |U SvF Stavebná fakulta  |T SvF Katedra konštrukcií pozemných stavieb  |X 112247  |U V180  |Y 18  |7 112247 
242 0 1 |a Residential building  |y eng 
245 1 0 |a Bytový dom 
260 |c 2024 
650 4 |a bytový dom  |2 slo 
650 4 |a technická správa  |2 slo 
650 4 |a polyfunkcia  |2 slo 
650 4 |a polyfunction  |2 eng 
650 4 |a residential building  |2 eng 
650 4 |a technical report  |2 eng 
700 1 |a Minarovičová, Katarína  |u 010180  |k Z1  |4 ths  |U SvF Stavebná fakulta  |T SvF Katedra konštrukcií pozemných stavieb  |X 773  |U V180  |Y 18  |7 A000000773 
856 4 |u http://is.stuba.sk/zp/portal_zp.pl?podrobnosti=165270 
856 4 |u https://opac.crzp.sk/?fn=detailBiblioForm&sid=F0082B7A009D1614B1C918B883AC